11 inicial Athletic Club S.XXI - Estadísticas

Estadísticas generales
  • Esta prueba ha sido intentada 95 veces
  • La puntuación promedio es 58 de 110
Estadísticas de respuestas
Respuesta % Correcto
Iñaki Williams
88%
Nico Williams
88%
De Marcos
81%
Gorka Iraizoz
81%
Muniain
81%
Unai Simón
81%
Aduriz
75%
Íñigo Martínez
67%
Javi Martínez
67%
Llorente
67%
Laporte
63%
Ohian Sancet
60%
Yuri
60%
Vivian
58%
Yuri
58%
Guruzeta
51%
Iraola
49%
Susaeta
47%
Ander Herrera
46%
Beñat
44%
Dani García
42%
Paredes
42%
Raúl García
42%
Jauregizar
39%
Amorebieta
37%
Galarreta
37%
Iturraspe
35%
San José
35%
Gurpegui
33%
Maroan Sannadi
33%
Yeray
33%
Aurtenetxe
32%
Prados
32%
Agirrezabala
30%
Iago Herrerín
30%
Balenziaga
28%
Mikel Rico
28%
Ibai Gómez
26%
Berenguer
19%
Etxeita
19%
Capa
12%
Sabin Merino
12%
Vencedor
9%
Bustinza
7%
Ekiza
7%
Eraso
5%
No se encontraron pruebas coincidentes
Distribución de puntuación
Porcentaje de gente con cada puntuación
Porcentaje por número respondido
Historial de tus puntuaciones
No has intentado esta prueba.